000 00414nam a22001697a 4500
003 BD-DhUIB
005 20251222154436.0
008 251222b |||||||| |||| 00| 0 eng d
040 _aBD-DhUIB
_cBD-DhUIB
050 _a658.575
082 _222
100 _aPark, Uijun.
_91103
245 _aIntroduction to design thinking for ux beginners/
300 _a163p.
_billus;
_c16cm.
526 _aBBA
942 _2ddc
_cBK
999 _c684
_d684